000 00616nam a2200217Ia 4500
005 20241129115754.0
008 241129s9999||||xx |||||||||||||| ||und||
020 _a9789391214852
037 _aTB
040 _aSDCL
_beng
_cSDCL
041 _aeng
_2eng
084 _aO15,1B1:g R3
_qSDCL
100 _aKumar Surendra; Saini Sunita
_9728309
245 0 _aValmiki Ramayana : Timeless Saga of Indian Civilization
260 _aNew Delhi
_bShivalik Prakashan India
_c2023
300 _a241p
365 _aINR
_b1595
650 _aSanskrit
942 _cTB
_hO15,1B1:g R3
999 _c1231951
_d1231951